Deathly Hallows: Who's Who? Quiz Stats

 Plays Quiz Updated Feb 7, 2021

Support Sporcle.
Go Orange.
Score 0/40 Timer 10:00
4 Plays Today
% Correct
Harry Potter
79.3%
Neville Longbottom
75.9%
Severus Snape
75.1%
George Weasley
70.8%
Lord Voldemort
68.9%
Fleur Delacour
68.9%
Luna Lovegood
68%
Cho Chang
67.9%
Mundungus Fletcher
65.7%
Teddy Lupin
64.7%
Gellert Grindelwald
62.7%
Petunia Evans
62.2%
Hermione Granger
61.6%
Griphook
61.5%
Dolores Umbridge
60.2%
Ron Weasley
58.3%
Dobby
57.5%
Sirius Black
56.4%
Elphias Doge
56.2%
Regulus Black
55.1%
% Correct
Pansy Parkinson
54.9%
Dean Thomas
53.4%
Vincent Crabbe
52.6%
Dudley Dursley
50.1%
Mary Cattermole
47.2%
Ginny Weasley
44.8%
Lucius Malfoy
44.2%
Yaxley
43.9%
Bellatrix Lestrange
42.8%
Andromeda Tonks
41.6%
Molly Weasley
40.8%
Helena Ravenclaw
36.8%
Rubeus Hagrid
35.2%
Arthur Weasley
35.1%
Albert Runcorn
32.5%
Alecto Carrow
30.2%
Michael Corner
29.2%
Charity Burbage
28.6%
Antonin Dolohov
22.4%
Rufus Scrimgeour
20.7%

You're not logged in!

Compare scores with friends on all Sporcle quizzes.
OR
Log In

From the Vault

Oscar-Nominated Performances: 2018

by MrWhiplash

They say it's an honor just to be nominated...
Remove Ads.
Support Sporcle.
Get the best of Sporcle when you Go Orange. This ad-free experience offers more features, more stats, and more fun while also helping to support Sporcle. Thank you for becoming a member.

Show Comments

Extras

Top Quizzes Today


Score Distribution

Your Account Isn't Verified!

In order to create a playlist on Sporcle, you need to verify the email address you used during registration. Go to your Sporcle Settings to finish the process.

Report this User

Report this user for behavior that violates our Community Guidelines.

Details: